书目信息 |
| 题名: |
局域网组建、管理及维护基础与实例教程
|
|
| 作者: | 倪伟 编著 | |
| 分册: | ||
| 出版信息: | 北京 电子工业出版社 2007.09 |
|
| 页数: | 344页 | |
| 开本: | 28cm | |
| 丛书名: | 培训专家 | |
| 单 册: | ||
| 中图分类: | TP393.1 | |
| 科图分类: | ||
| 主题词: | 局部网络--ju bu wang luo--教材 | |
| 电子资源: | ||
| ISBN: | 978-7-121-04921-7 | |
| 000 | 01053nam 2200265 450 | |
| 001 | 012008124246 | |
| 005 | 20080509093948.26 | |
| 010 | @a978-7-121-04921-7@dCNY28.00 | |
| 100 | @a20080509d2007 em y0chiy0120 ea | |
| 101 | 0 | @achi |
| 102 | @aCN@b110000 | |
| 105 | @aa z 000yy | |
| 106 | @ar | |
| 200 | 1 | @a局域网组建、管理及维护基础与实例教程@Aju yu wang zu jian、guan li ji wei hu ji chu yu shi li jiao cheng@e职业版@f倪伟编著@Fni wei bian zhu |
| 205 | @a第2版 | |
| 210 | @a北京@c电子工业出版社@d2007.09 | |
| 215 | @a344页@c图@d28cm | |
| 225 | 2 | @a培训专家@Apei xun zhuan jia |
| 330 | @a本书由浅入深地介绍了局域网的相关内容,如:局域网的基础知识、局域网中的硬件设备、局域网与Internet的连接、如何组建家庭局域网、宿舍局域网、网吧局域网、无线局域网,如何对局域网进行远程管理、安全和数据备份,如何对局域网的故障进行排除及维护的步骤等。 | |
| 410 | 0 | @12001 @a培训专家 |
| 606 | 0 | @a局部网络@Aju bu wang luo@j教材 |
| 690 | @aTP393.1@v4 | |
| 701 | 0 | @a倪伟@Ani wei@4编著 |
| 801 | 0 | @aCN@bQSSK@c20080509 |
| 905 | @b709506-08@dTP393.1@eN517@f3 | |
| 局域网组建、管理及维护基础与实例教程:职业版/倪伟编著.-第2版.-北京:电子工业出版社,2007.09 |
| 344页:图;28cm.-(培训专家) |
| ISBN 978-7-121-04921-7:CNY28.00 |
| 本书由浅入深地介绍了局域网的相关内容,如:局域网的基础知识、局域网中的硬件设备、局域网与Internet的连接、如何组建家庭局域网、宿舍局域网、网吧局域网、无线局域网,如何对局域网进行远程管理、安全和数据备份,如何对局域网的故障进行排除及维护的步骤等。 |
| ● |
| 相关链接 |
|
|
|
正题名:局域网组建、管理及维护基础与实例教程
索取号:TP393.1/N517
 
预约/预借
| 序号 | 登录号 | 条形码 | 馆藏地/架位号 | 状态 | 备注 |
| 1 | 709506 | 207095061 | 自科二线504/504自科库 15排2列2层/ [索取号:TP393.1/N517] | 在馆 | |
| 2 | 709507 | 207095070 | 期刊室512/301自科库 132排2列3层/ [索取号:TP393.1/N517] | 在馆 | |
| 3 | 709508 | 207095089 | 自科二线504/504自科库 15排2列2层/ [索取号:TP393.1/N517] | 在馆 |